00972 a2200205 45000010006000000050017000060080041000230030015000640400040000790800077001192450026001960200018002222640032002403000024002725050324002960410008006201000017006287000022006458560099006674979020260407155759.0260407a1997 arg spa dAR-UNSa-BCEJYS aAR-UNSa-BCEJYSbspacAR-UNSa-BCEJYS a330.342.22xEconomía en desarrollo. Economía en industrialización 10aEconomía industrial a84-481-0996-1 1aMadrid :bMcGraw-Hillc1997 axii, 197 p.c23 cm. a1. Introducción - 2. Estructura de mercado - 3. Modelos de oligopolio - 4. Poder de mercado - 5. Barreras de entrada - 6. Fusiones y adquisiciones - 7. Discriminación precios - 8. Diferenciación de productos - 9. Investigación y desarrollo - 10. Política industrial, política de competencia y regulación.  aspa1 aCabral, Luis1 aGalera, Francisco41uhttps://www.biblioeco.unsa.edu.ar/pmb/images/libros/L128183.jpgyImagen de portadaqimage/jpeg